000 005720000a22001810004500
003 MACL
005 20160512154446.0
008 160512b xxu||||| |||| 00| 0 eng d
040 _aMACL
_cMACL
041 _aHindi
082 _a891.431
100 _aसिंह, शिवमंगल मानव
_956464
245 _aमानव मन खोलें ऑख
_cशिवमंगल सिंह मानव
260 _aदिल्‍ली
_bअपनी जुबान
_c2010
350 _a120
650 _aPoem
_927793
942 _cHIN
_k891.431/SIN/P
_2ddc
999 _c46306
_d46306